[Event "FIDE World Bl Team Pool A"]
[Site "London ENG"]
[Date "2025.06.14"]
[Round "9.1"]
[White "Chinguun, Sumiya"]
[Black "Khoury, Theo"]
[Result "1-0"]
[WhiteTitle "FM"]
[BlackTitle "CM"]
[WhiteElo "2415"]
[BlackElo "2209"]
[WhiteTeam "The MongolZ"]
[BlackTeam "Chess Trust Accelerators"]
[WhiteFideId "4902572"]
[BlackFideId "480703"]
[EventDate "2025.06.14"]
[EventType "team"]

1. e4 c5 2. Nf3 d6 3. d4 cxd4 4. Nxd4 Nf6 5. Nc3 a6 6. Be3 e5 7. Nb3 Be7 8. h3
Be6 9. Qd2 Nbd7 10. g4 h6 11. O-O-O Rc8 12. Bd3 b5 13. f4 exf4 14. Bxf4 Ne5 15.
Kb1 Nc4 16. Bxc4 bxc4 17. Nd4 Bd7 18. Nf5 Bxf5 19. gxf5 Rc6 20. Rhg1 Rg8 21. Qe2
Qb8 22. e5 dxe5 23. Bxe5 Qb7 24. Rge1 Rb6 25. Bxf6 Rxb2+ 26. Ka1 gxf6 27. Nd5 c3
28. Qxe7+ Qxe7 29. Nxe7 Rg7 30. Ng6# 1-0

[Event "FIDE World Bl Team Pool A"]
[Site "London ENG"]
[Date "2025.06.14"]
[Round "9.2"]
[White "Verbytski, Oleg"]
[Black "Reimanis, Ritvars"]
[Result "0-1"]
[BlackTitle "IM"]
[WhiteElo "1994"]
[BlackElo "2355"]
[WhiteTeam "Chess Trust Accelerators"]
[BlackTeam "The MongolZ"]
[WhiteFideId "495506"]
[BlackFideId "11602988"]
[EventDate "2025.06.14"]
[EventType "team"]

1. e4 c5 2. Nf3 Nc6 3. d4 cxd4 4. Nxd4 Nf6 5. Nc3 d6 6. Be3 e5 7. Nb3 a5 8. a4
Be6 9. Nd5 Nd7 10. Bb5 Be7 11. O-O O-O 12. f4 exf4 13. Bxf4 Nde5 14. h3 Bg5 15.
Qd2 Bxf4 16. Qxf4 Bxd5 17. exd5 Nb4 18. c4 Nbd3 19. Qd4 Rc8 20. Rad1 Nc5 21.
Nxc5 Rxc5 22. Rde1 b6 23. b3 f5 24. Rf2 g6 25. Ref1 Rc8 26. Kh1 Qc7 27. Qd2 Qg7
28. Qe3 Qc7 29. Qd2 Qc5 30. Qh6 Qd4 31. Rf4 Qe3 32. g4 Nf7 33. Qh4 g5 34. Qh5
gxf4 35. gxf5 Kh8 36. f6 Qe4+ 37. Kh2 Qe5 38. Kh1 Qxh5 0-1

[Event "FIDE World Bl Team Pool A"]
[Site "London ENG"]
[Date "2025.06.14"]
[Round "9.3"]
[White "Itgelt, Khuyagtsogt"]
[Black "Zhao, George"]
[Result "1-0"]
[WhiteTitle "IM"]
[BlackTitle "CM"]
[WhiteElo "2425"]
[BlackElo "2124"]
[WhiteTeam "The MongolZ"]
[BlackTeam "Chess Trust Accelerators"]
[WhiteFideId "4902912"]
[BlackFideId "494607"]
[EventDate "2025.06.14"]
[EventType "team"]

1. Nf3 e6 2. c4 Nf6 3. g3 d5 4. Bg2 dxc4 5. Qa4+ Nbd7 6. Qxc4 a6 7. Qc2 Rb8 8.
O-O Be7 9. Rd1 O-O 10. Nc3 b5 11. Nd4 Ne5 12. Nb3 Bb7 13. d4 Ng6 14. e4 Nd7 15.
Be3 Nb6 16. Na5 Ba8 17. a3 c6 18. b4 Qc7 19. h4 Rfd8 20. h5 Nf8 21. Rac1 h6 22.
Bf4 Bd6 23. Bxd6 Rxd6 24. e5 Rd7 25. Ne4 Rbd8 26. Nd6 Nc8 27. Nxc6 Nxd6 28. exd6
Qxd6 29. Nxd8 Bxg2 30. Kxg2 Rxd8 31. Qc5 Qd7 32. Qc6 Qa7 33. d5 exd5 34. Rxd5
Rb8 35. Rcd1 Ne6 36. Rd7 Qb6 37. Qxb6 Rxb6 38. R1d6 Rb8 39. Rxa6 Ng5 40. Rad6
Kh7 41. Rd8 Rb7 42. Ra8 g6 43. hxg6+ fxg6 44. Rda6 Rg7 45. R6a7 Ne4 46. Rxg7+
Kxg7 47. Rb8 Nc3 48. Rc8 Nb1 49. Ra8 Kf6 50. a4 bxa4 51. Rxa4 Nc3 52. Ra3 Nb5
53. Ra6+ Kf7 54. f4 h5 55. Kh3 Nd4 56. Rb6 Nf5 57. g4 hxg4+ 58. Kxg4 Ne7 59. Kg5
Nd5 60. Rb5 Nf6 61. Rb7+ 1-0

[Event "FIDE World Bl Team Pool A"]
[Site "London ENG"]
[Date "2025.06.14"]
[Round "9.4"]
[White "Jakhria, Kushal"]
[Black "Nomin-Erdene, Davaademberel"]
[Result "1/2-1/2"]
[WhiteTitle "CM"]
[BlackTitle "IM"]
[WhiteElo "2011"]
[BlackElo "2293"]
[WhiteTeam "Chess Trust Accelerators"]
[BlackTeam "The MongolZ"]
[WhiteFideId "497444"]
[BlackFideId "4900782"]
[EventDate "2025.06.14"]
[EventType "team"]

1. d4 f5 2. c4 Nf6 3. Nf3 g6 4. g3 Bg7 5. Bg2 O-O 6. O-O d6 7. Nc3 c6 8. d5 e5
9. dxe6 Bxe6 10. b3 Re8 11. Ng5 Bc8 12. Ba3 Qa5 13. Bb2 Qd8 14. Qc2 Na6 15. a3
h6 16. Nf3 Be6 17. Rfd1 Qe7 18. Nd4 Bf7 19. b4 Bxc4 20. e4 fxe4 21. Nxe4 Nxe4
22. Qxc4+ d5 23. Qd3 Qf7 24. f3 Nd6 25. Re1 Nc7 26. a4 Nc4 27. Bc3 Rxe1+ 28.
Rxe1 Re8 29. Rxe8+ Qxe8 30. Kf2 Ne6 31. Ne2 Qf7 32. f4 Nd6 33. Bxg7 Kxg7 34.
Qc3+ Qf6 35. Qxf6+ Kxf6 36. Ke3 Nc4+ 37. Kf2 a5 38. bxa5 Nxa5 39. Ke3 Nc4+ 40.
Kf2 Nc5 41. Nc3 Nb2 42. a5 Nc4 43. a6 Nxa6 44. Bh3 b5 45. Bd7 Nb4 46. Ke2 Nb6
47. Be8 g5 48. fxg5+ hxg5 49. h4 gxh4 50. gxh4 Ke7 51. Bg6 d4 52. Ne4 d3+ 53.
Kd2 Nc4+ 54. Kc3 Nd5+ 55. Kxd3 Nf4+ 56. Kd4 Nxg6 57. h5 Nge5 58. h6 Kf7 59. Ng5+
Kg6 60. h7 Kg7 61. Kc5 Ne3 62. Kd4 N3g4 63. Kc5 Nf6 64. Kd4 Ned7 65. Ne6+ Kxh7
66. Nd8 c5+ 67. Kc3 Nd5+ 68. Kd3 Ne5+ 69. Kc2 b4 70. Ne6 c4 71. Nd4 Kg6 72. Nb5
b3+ 73. Kb2 Nd3+ 74. Kb1 c3 75. Nd4 N5b4 76. Nxb3 c2+ 77. Ka1 Kf5 78. Nd4+ Ke4
79. Nxc2 Nxc2+ 80. Ka2 Ne3 81. Kb3 Kd4 82. Ka4 Nc4 83. Kb5 Nc5 84. Kc6 Ne5+ 85.
Kb5 Kd5 86. Kb4 Nc6+ 87. Kc3 Nd4 88. Kb4 Nd3+ 89. Kc3 Ne5 90. Kb4 Kd6 91. Kc3
Kc5 92. Kd2 Ng4 93. Kd3 Kd5 94. Kc3 Ne5 95. Kb4 Kc6 96. Kc3 Kc5 97. Kd2 Nc4+ 98.
Kd3 Kd5 99. Kc3 Nc6 100. Kd3 Kc5 101. Ke4 Nd6+ 102. Kd3 Kd5 103. Ke3 Ne5 104.
Kf4 Ke6 105. Ke3 Nf5+ 106. Ke4 Nd7 107. Kf4 Nf6 108. Kf3 Ke5 109. Ke2 Nd5 110.
Kd3 Nd6 111. Kd2 Kd4 112. Kc2 Kc4 113. Kd2 Ne4+ 114. Ke2 Kd4 115. Kf3 1/2-1/2

[Event "FIDE World Bl Team Pool A"]
[Site "London ENG"]
[Date "2025.06.14"]
[Round "9.5"]
[White "Ulziikhishig Khishigbat"]
[Black "Dicen, Elis Denele"]
[Result "1-0"]
[WhiteTitle "FM"]
[BlackTitle "WFM"]
[WhiteElo "2266"]
[BlackElo "2136"]
[WhiteTeam "The MongolZ"]
[BlackTeam "Chess Trust Accelerators"]
[WhiteFideId "4908120"]
[BlackFideId "462560"]
[EventDate "2025.06.14"]
[EventType "team"]

1. d4 d5 2. c4 e6 3. Nc3 a6 4. cxd5 exd5 5. Nf3 Nf6 6. Bg5 Be6 7. Bxf6 Qxf6 8.
Qb3 b5 9. a4 b4 10. Nxd5 Qd8 11. e4 c6 12. Qe3 cxd5 13. exd5 Qxd5 14. Bd3 Qa5
15. d5 Bc5 16. Qe4 Qb6 17. O-O Ra7 18. dxe6 Qxe6 19. Qf4 Qd6 20. Rfe1+ Kf8 21.
Qc4 Nd7 22. Rad1 Qc7 23. Bf1 Nb6 24. Qe4 g6 25. Ne5 Kg7 26. a5 Nc8 27. Rd7 Qb8
28. Nc6 Qa8 29. Qe5+ Kg8 30. Rd8+ Bf8 31. Rxf8+ Kxf8 32. Qxh8# 1-0

[Event "FIDE World Bl Team Pool A"]
[Site "London ENG"]
[Date "2025.06.14"]
[Round "9.6"]
[White "Volovich, Julia"]
[Black "Araya Fuentes, Cristian"]
[Result "0-1"]
[WhiteElo "1945"]
[BlackElo "1921"]
[WhiteTeam "Chess Trust Accelerators"]
[BlackTeam "The MongolZ"]
[WhiteFideId "447099"]
[BlackFideId "6502946"]
[EventDate "2025.06.14"]
[EventType "team"]

1. d4 d6 2. e4 Nd7 3. Bc4 e5 4. Nf3 Be7 5. O-O Ngf6 6. Re1 O-O 7. h3 exd4 8.
Nxd4 Ne5 9. Bf1 c6 10. Nc3 h6 11. f4 Ng6 12. Be3 d5 13. e5 Ne4 14. Bd3 Nxc3 15.
bxc3 Qa5 16. Qd2 Nh4 17. g3 c5 18. gxh4 cxd4 19. cxd4 Qxd2 20. Bxd2 Bxh4 21. Re3
Be6 22. f5 Bd7 23. Rf1 Rac8 24. Kg2 Rc6 25. Re2 a6 26. Bf4 Rc3 27. Bd2 Ra3 28.
Bb4 Rxa2 29. Bxf8 Kxf8 30. e6 Bc6 31. Rf4 Bg5 32. Rg4 f6 33. h4 Bc1 34. e7+ Kf7
35. Re6 Bd7 36. Re1 Bd2 37. Re2 Bc3 38. Kf3 Ra1 39. Reg2 Kxe7 40. Rxg7+ Kd6 41.
Rf7 Bxd4 42. Rgg7 Bc6 43. Rg6 Be5 44. Rxh6 Rh1 45. Ke2 Rh2+ 46. Kd1 Bc3 47. Rg6
a5 48. Rh7 a4 49. Rg8 b5 50. Rd8+ Kc5 51. Ra7 b4 52. Be2 Rh1+ 53. Bf1 Rxf1+ 54.
Ke2 Re1+ 55. Kd3 Bb5# 0-1

[Event "FIDE World Bl Team Pool A"]
[Site "London ENG"]
[Date "2025.06.14"]
[Round "9.1"]
[White "Sava, Robert-Gabriel"]
[Black "Dudin, Gleb"]
[Result "0-1"]
[WhiteTitle "CM"]
[BlackTitle "GM"]
[WhiteElo "2121"]
[BlackElo "2574"]
[WhiteTeam "xChess.AI"]
[BlackTeam "Global Ramblers"]
[WhiteFideId "1265725"]
[BlackFideId "34184934"]
[EventDate "2025.06.14"]
[EventType "team"]

1. d4 Nf6 2. Nf3 d5 3. e3 Bf5 4. Bd3 Bg6 5. O-O e6 6. Qe2 Bd6 7. Nbd2 Ne4 8. Ne1
O-O 9. f3 Nf6 10. Bxg6 hxg6 11. Nd3 Nc6 12. c3 e5 13. f4 exd4 14. exd4 Ne7 15.
Nf3 Ne4 16. Nf2 Nxf2 17. Qxf2 f6 18. Bd2 Qd7 19. Rfe1 Rae8 20. Re2 Qb5 21. b3
Nf5 22. Rae1 Rxe2 23. Qxe2 Qxe2 24. Rxe2 Kf7 25. g4 Ne7 26. c4 c6 27. Kg2 Rc8
28. Be3 a6 29. h3 dxc4 30. bxc4 b5 31. cxb5 cxb5 32. Bd2 Nd5 33. f5 gxf5 34.
gxf5 Rc2 35. Kf1 Rxa2 36. Be1 Rxe2 37. Kxe2 Nf4+ 38. Kd1 Nxh3 39. Kc2 Nf4 40.
Nd2 Nd5 41. Ne4 Be7 42. Kd3 Ke8 43. Ng3 Kd7 44. Nh5 Bf8 45. Ke4 Kc6 46. Kd3 b4
47. Kc4 a5 48. Bd2 a4 49. Ng3 Nb6+ 50. Kd3 b3 51. Ne4 a3 52. Kc3 b2 53. Kc2 Nc4
54. Bc3 Kd5 55. Kb1 Kxe4 0-1

[Event "FIDE World Bl Team Pool A"]
[Site "London ENG"]
[Date "2025.06.14"]
[Round "9.2"]
[White "Shabalov, Alexander"]
[Black "Rusu, Lucas"]
[Result "0-1"]
[WhiteTitle "GM"]
[WhiteElo "2483"]
[BlackElo "2038"]
[WhiteTeam "Global Ramblers"]
[BlackTeam "xChess.AI"]
[WhiteFideId "2008572"]
[BlackFideId "42206472"]
[EventDate "2025.06.14"]
[EventType "team"]

1. e4 c5 2. Nf3 e6 3. d4 cxd4 4. Nxd4 Nc6 5. Nc3 Qc7 6. Be3 a6 7. Bd3 Nf6 8. Qe2
Bb4 9. O-O O-O 10. Nxc6 dxc6 11. f4 e5 12. f5 b5 13. g4 Nd7 14. g5 Bc5 15. f6
Bxe3+ 16. Qxe3 Qb6 17. Rae1 Qxe3+ 18. Rxe3 gxf6 19. gxf6 Kh8 20. Rf5 Rg8+ 21.
Kf2 Rg6 22. Ref3 Bb7 23. Nd1 Re8 24. h4 Re6 25. h5 Rgxf6 26. Ne3 Rxf5 27. exf5
Rh6 28. Rh3 Nf6 29. c4 Rxh5 30. Rxh5 Nxh5 31. Ng4 f6 32. Be4 Kg7 33. cxb5 axb5
34. b3 Nf4 35. a4 bxa4 36. bxa4 h5 37. Ne3 Kf7 38. Nc4 Ke7 39. Kg3 Ba6 40. Na3
c5 41. Bc6 c4 42. Bb5 Bxb5 43. Nxb5 Kd7 44. a5 Kc6 45. a6 Kb6 46. a7 Kb7 47. Kh4
e4 48. Kg3 Nd5 49. Nd6+ Kxa7 50. Nxc4 e3 51. Kf3 Kb7 52. Nd6+ Kc6 53. Ne8 Kd7
54. Ng7 h4 55. Nh5 Kd6 56. Nxf6 0-1

[Event "FIDE World Bl Team Pool A"]
[Site "London ENG"]
[Date "2025.06.14"]
[Round "9.3"]
[White "Badescu, Matei-Andrei"]
[Black "Glek, Igor"]
[Result "0-1"]
[BlackTitle "GM"]
[WhiteElo "1947"]
[BlackElo "2444"]
[WhiteTeam "xChess.AI"]
[BlackTeam "Global Ramblers"]
[WhiteFideId "42213096"]
[BlackFideId "4100484"]
[EventDate "2025.06.14"]
[EventType "team"]

1. e4 c5 2. Nf3 a6 3. d4 cxd4 4. Nxd4 Nf6 5. Nc3 e5 6. Nb3 Bb4 7. Bd3 d6 8. O-O
Be6 9. Bd2 Nbd7 10. a3 Bxc3 11. Bxc3 O-O 12. Re1 Qc7 13. Qd2 Nc5 14. Nxc5 dxc5
15. Bf1 Rfd8 16. Qg5 Nd7 17. Rad1 f6 18. Qg3 b5 19. h4 Rab8 20. h5 h6 21. Bd2
Kh8 22. Be3 Nb6 23. Qf3 Qe7 24. b3 Rbc8 25. Bd2 Rd4 26. Ba5 Nd7 27. Bc3 Rxd1 28.
Rxd1 Nb8 29. Qd3 Nc6 30. Qe3 Nd4 31. Rd2 Bf7 32. Be2 Rd8 33. Ba5 Rd7 34. Bc3 Qe8
35. Bb2 Nxe2+ 36. Qxe2 Bxh5 37. Qe3 Rxd2 38. Qxd2 Qc6 39. f3 Kh7 40. Qd8 c4 41.
b4 c3 42. Bc1 Bf7 43. Qd3 Qc4 44. Qxc4 Bxc4 45. Kf2 g5 46. Be3 h5 47. Ke1 h4 48.
Bf2 Kg6 49. Bc5 f5 50. exf5+ Kxf5 51. Kf2 Ba2 52. Kf1 Bb1 53. Bf2 Bxc2 54. Be1
Bd3+ 55. Kf2 c2 56. Bd2 g4 57. Bc1 g3+ 58. Ke1 e4 59. fxe4+ Bxe4 60. Kf1 Ke5 61.
Kg1 Kd4 62. Kf1 Kd3 63. Bh6 Kc3 64. Bc1 Kb3 65. Ke2 Bxg2 0-1

[Event "FIDE World Bl Team Pool A"]
[Site "London ENG"]
[Date "2025.06.14"]
[Round "9.4"]
[White "Reprintsev, Alexander"]
[Black "Sava, Christiansen-Danut-Eugen"]
[Result "1-0"]
[WhiteTitle "IM"]
[BlackTitle "FM"]
[WhiteElo "2256"]
[BlackElo "2002"]
[WhiteTeam "Global Ramblers"]
[BlackTeam "xChess.AI"]
[WhiteFideId "14100541"]
[BlackFideId "1210114"]
[EventDate "2025.06.14"]
[EventType "team"]

1. e4 e5 2. f4 d5 3. exd5 exf4 4. Nf3 Nf6 5. Bb5+ Bd7 6. Bxd7+ Nbxd7 7. c4 Bd6
8. O-O O-O 9. d4 b6 10. Nc3 Re8 11. a3 a5 12. Bd2 Ng4 13. Qc2 g5 14. Qf5 Ne3 15.
Bxe3 Rxe3 16. Nxg5 Nf6 17. Nce4 Rxe4 18. Nxe4 Nxe4 19. Qxe4 Qg5 20. Rf3 Kh8 21.
Re1 Rg8 22. Re2 Qg7 23. Ref2 Qg5 24. b4 axb4 25. axb4 Qg7 26. c5 bxc5 27. bxc5
Bf8 28. Qxf4 f5 29. Qe5 1-0

[Event "FIDE World Bl Team Pool A"]
[Site "London ENG"]
[Date "2025.06.14"]
[Round "9.5"]
[White "Badescu, Eliza-Ioana"]
[Black "Badelka, Olga"]
[Result "0-1"]
[BlackTitle "IM"]
[WhiteElo "1832"]
[BlackElo "2424"]
[WhiteTeam "xChess.AI"]
[BlackTeam "Global Ramblers"]
[WhiteFideId "42214890"]
[BlackFideId "13509926"]
[EventDate "2025.06.14"]
[EventType "team"]

1. e4 e6 2. d4 d5 3. e5 c5 4. c3 Nc6 5. Nf3 Bd7 6. Be2 Rc8 7. O-O cxd4 8. cxd4
Nge7 9. Na3 Nf5 10. Nc2 Be7 11. Bd3 h6 12. Bxf5 exf5 13. Ne3 Be6 14. a3 g5 15.
h3 Qd7 16. b4 f4 17. Nc2 h5 18. h4 g4 19. Nh2 f3 20. g3 Bf5 21. Ne3 Be4 22. Re1
Bxh4 23. gxh4 g3 24. fxg3 Qh3 25. Nhf1 Rg8 26. Kf2 Ne7 27. Qa4+ Kf8 28. Qd1 Rg6
29. b5 Rc2+ 30. Nxc2 Qg2+ 31. Ke3 f2 32. Re2 Rxg3+ 33. Kd2 Rd3# 0-1

[Event "FIDE World Bl Team Pool A"]
[Site "London ENG"]
[Date "2025.06.14"]
[Round "9.6"]
[White "Volkov, Leonid"]
[Black "Platschek, Luca"]
[Result "1/2-1/2"]
[WhiteElo "1828"]
[BlackElo "1626"]
[WhiteTeam "Global Ramblers"]
[BlackTeam "xChess.AI"]
[WhiteFideId "12848140"]
[BlackFideId "1289888"]
[EventDate "2025.06.14"]
[EventType "team"]

1. e4 a6 2. Nf3 b5 3. d4 Bb7 4. Bd3 e6 5. O-O Nf6 6. Re1 d6 7. Bg5 Be7 8. a4 b4
9. c3 bxc3 10. Nxc3 Nbd7 11. b4 h6 12. Bh4 O-O 13. b5 axb5 14. Bxb5 c5 15. dxc5
Nxc5 16. e5 dxe5 17. Qxd8 Rfxd8 18. Nxe5 Nd5 19. Bxe7 Nxe7 20. Reb1 Nd5 21. Nxd5
Bxd5 22. Nc6 Rd6 23. Ne7+ Kf8 24. Nxd5 exd5 25. Rd1 d4 26. Kf1 Rc8 27. a5 Nb3
28. Ra3 Nc5 29. a6 Ra8 30. Ke2 Nxa6 31. Rxa6 Raxa6 32. Bxa6 Rxa6 33. Rxd4 Re6+
34. Kf3 g5 35. g3 Kg7 36. h3 Kg6 37. h4 f5 38. hxg5 hxg5 39. Rd2 Ra6 40. Rb2 g4+
41. Kg2 Kg5 42. Rb5 Ra3 43. Rb8 Ra5 44. Rg8+ Kf6 45. Rb8 Rd5 46. Rb6+ Ke5 47.
Rb4 Rc5 48. Rb2 Ke4 49. Rb4+ Kd3 50. Rf4 Re5 51. Kf1 Kd2 52. Kg2 Kd3 53. Kg1 Kd2
54. Kf1 Ra5 55. Kg2 Re5 56. Ra4 Kc3 1/2-1/2

[Event "FIDE World Bl Team Pool A"]
[Site "London ENG"]
[Date "2025.06.14"]
[Round "10.1"]
[White "Dudin, Gleb"]
[Black "Nepomniachtchi, Ian"]
[Result "0-1"]
[WhiteTitle "GM"]
[BlackTitle "GM"]
[WhiteElo "2574"]
[BlackElo "2757"]
[WhiteTeam "Global Ramblers"]
[BlackTeam "WR Chess Team"]
[WhiteFideId "34184934"]
[BlackFideId "4168119"]
[EventDate "2025.06.14"]
[EventType "team"]

1. d4 Nf6 2. c4 e6 3. Nf3 d5 4. g3 Bb4+ 5. Bd2 a5 6. Bg2 O-O 7. a3 Be7 8. O-O c6
9. Qc2 Nbd7 10. Bf4 a4 11. h4 h6 12. Rd1 Qa5 13. Nc3 Qa6 14. Nd2 dxc4 15. e4 b5
16. Nf1 e5 17. dxe5 Ng4 18. e6 fxe6 19. Bh3 Nde5 20. Qe2 g5 21. hxg5 hxg5 22.
Bxe5 Nxe5 23. Nh2 Qa7 24. Kg2 Nd3 25. Ng4 Kg7 26. e5 Bb7 27. Rxd3 cxd3 28. Qxd3
Rad8 29. Qe2 Qd4 30. Kg1 Qd3 31. Qe1 c5 32. Ne3 Rh8 33. Bg2 Bxg2 34. Kxg2 b4 35.
axb4 cxb4 36. Nxa4 Qe4+ 37. f3 Qh7 38. Nf1 Qc2+ 39. Qf2 Qh7 40. Qa7 Kf7 41. Kf2
Qc2+ 42. Ke1 Rh1 0-1

[Event "FIDE World Bl Team Pool A"]
[Site "London ENG"]
[Date "2025.06.14"]
[Round "10.2"]
[White "Vachier-Lagrave, Maxime"]
[Black "Glek, Igor"]
[Result "1-0"]
[WhiteTitle "GM"]
[BlackTitle "GM"]
[WhiteElo "2736"]
[BlackElo "2444"]
[WhiteTeam "WR Chess Team"]
[BlackTeam "Global Ramblers"]
[WhiteFideId "623539"]
[BlackFideId "4100484"]
[EventDate "2025.06.14"]
[EventType "team"]

1. Nf3 f5 2. d3 Nc6 3. d4 e6 4. c4 Nf6 5. d5 Bb4+ 6. Bd2 Bxd2+ 7. Qxd2 Ne4 8.
Qd1 Ne7 9. Nbd2 Nxd2 10. Qxd2 d6 11. dxe6 Bxe6 12. Rc1 O-O 13. g3 Nc6 14. Bg2 h6
15. b4 Rb8 16. b5 Ne5 17. Qe3 Qf6 18. Nxe5 Qxe5 19. Qxe5 dxe5 20. Kd2 Rfd8+ 21.
Kc3 Kf7 22. Rhd1 b6 23. Bd5 Rd6 24. f3 Rbd8 25. e4 fxe4 26. fxe4 Ke7 27. Kb4 Bg4
28. Rf1 Be6 29. Rf3 Rf8 30. Ra3 a5+ 31. bxa6 c5+ 32. Kb3 Rf3+ 33. Rc3 Rxc3+ 34.
Kxc3 Bxd5 35. cxd5 Rd8 36. a7 Ra8 37. Kc4 Kd6 38. Kb5 Kc7 39. Ra6 1-0

[Event "FIDE World Bl Team Pool A"]
[Site "London ENG"]
[Date "2025.06.14"]
[Round "10.3"]
[White "Mesropov, Konstantin"]
[Black "So, Wesley"]
[Result "0-1"]
[WhiteTitle "IM"]
[BlackTitle "GM"]
[WhiteElo "2458"]
[BlackElo "2745"]
[WhiteTeam "Global Ramblers"]
[BlackTeam "WR Chess Team"]
[WhiteFideId "4116887"]
[BlackFideId "5202213"]
[EventDate "2025.06.14"]
[EventType "team"]

1. d4 Nf6 2. Bf4 c5 3. e3 Qb6 4. Na3 d6 5. Nc4 Qc7 6. Nf3 g6 7. h3 Bg7 8. c3 O-O
9. a4 Be6 10. Ncd2 cxd4 11. exd4 Nc6 12. Be2 Qb6 13. Qc1 Rac8 14. O-O Nd5 15.
Bg5 h6 16. Bh4 Nf4 17. Re1 Nb4 18. Nc4 Nxe2+ 19. Rxe2 Bxc4 20. Rxe7 Nd5 21. Re1
Rfe8 22. Qd2 Qc6 23. Bg3 Rxe1+ 24. Rxe1 a5 25. h4 Re8 26. h5 g5 27. Qc2 Rxe1+
28. Nxe1 Qe8 29. Nf3 Qe2 30. Qf5 Qe6 31. Qxe6 fxe6 32. Bxd6 Bb3 33. Nd2 Bxa4 34.
Nc4 b6 35. Bg3 Bb3 36. Nd6 Bf8 37. Ne4 a4 38. Be5 Bc2 39. Nd2 Nxc3 40. bxc3 a3
41. c4 a2 42. d5 exd5 0-1

[Event "FIDE World Bl Team Pool A"]
[Site "London ENG"]
[Date "2025.06.14"]
[Round "10.4"]
[White "Duda, Jan-Krzysztof"]
[Black "Reprintsev, Alexander"]
[Result "1-0"]
[WhiteTitle "GM"]
[BlackTitle "IM"]
[WhiteElo "2725"]
[BlackElo "2256"]
[WhiteTeam "WR Chess Team"]
[BlackTeam "Global Ramblers"]
[WhiteFideId "1170546"]
[BlackFideId "14100541"]
[EventDate "2025.06.14"]
[EventType "team"]

1. e4 d5 2. exd5 Qxd5 3. h3 e5 4. Nc3 Qd8 5. Nf3 Nc6 6. Bb5 Bd7 7. O-O Bd6 8.
Re1 Nge7 9. Bxc6 Nxc6 10. d4 f6 11. dxe5 fxe5 12. Bg5 Qc8 13. Nxe5 Nxe5 14. Bf4
O-O 15. Bxe5 Bxe5 16. Rxe5 Bc6 17. Qe2 Qd8 18. Re7 Qd6 19. Qe6+ Qxe6 20. Rxe6
Rad8 21. Rae1 Rd2 22. R1e2 Rfd8 23. Rxd2 Rxd2 24. Re2 Rd4 25. f3 Kf7 26. Kf2 a5
27. Ke3 Rb4 28. b3 a4 29. a3 Rh4 30. b4 Rh6 31. Rd2 Be8 32. Ne4 Rc6 33. Kd4 b6
34. c4 h6 35. f4 Bd7 36. g4 Be6 37. c5 Bb3 38. f5 g6 39. Ke5 gxf5 40. gxf5 bxc5
41. Nxc5 Rb6 42. Rd7+ Ke8 43. Rxc7 1-0

[Event "FIDE World Bl Team Pool A"]
[Site "London ENG"]
[Date "2025.06.14"]
[Round "10.5"]
[White "Badelka, Olga"]
[Black "Kosteniuk, Alexandra"]
[Result "0-1"]
[WhiteTitle "IM"]
[BlackTitle "GM"]
[WhiteElo "2424"]
[BlackElo "2474"]
[WhiteTeam "Global Ramblers"]
[BlackTeam "WR Chess Team"]
[WhiteFideId "13509926"]
[BlackFideId "4128125"]
[EventDate "2025.06.14"]
[EventType "team"]

1. d4 Nf6 2. c4 e6 3. Nc3 Bb4 4. e3 d5 5. cxd5 exd5 6. Bd3 O-O 7. a3 Bd6 8. Nge2
Re8 9. Qc2 c6 10. Ng3 Nbd7 11. Nf5 Bc7 12. Bd2 Nf8 13. f3 Ng6 14. O-O-O b5 15.
h4 a5 16. h5 Ne7 17. Nxe7+ Qxe7 18. g4 b4 19. Nb1 Ba6 20. g5 Bxd3 21. Qxd3 Nd7
22. g6 fxg6 23. hxg6 h6 24. Rh5 Bd6 25. Rf5 Nf6 26. axb4 axb4 27. Qb3 c5 28.
dxc5 Bxc5 29. e4 Rac8 30. e5 Bd4+ 31. Nc3 bxc3 32. exf6 cxd2+ 33. Kb1 Rc1+ 34.
Rxc1 dxc1=Q+ 35. Kxc1 Qe1+ 36. Kc2 Rc8+ 37. Kd3 Qe3# 0-1

[Event "FIDE World Bl Team Pool A"]
[Site "London ENG"]
[Date "2025.06.14"]
[Round "10.1"]
[White "Khoury, Theo"]
[Black "Sava, Robert-Gabriel"]
[Result "1/2-1/2"]
[WhiteTitle "CM"]
[BlackTitle "CM"]
[WhiteElo "2209"]
[BlackElo "2121"]
[WhiteTeam "Chess Trust Accelerators"]
[BlackTeam "xChess.AI"]
[WhiteFideId "480703"]
[BlackFideId "1265725"]
[EventDate "2025.06.14"]
[EventType "team"]

1. e4 e6 2. d4 d5 3. Nc3 Bb4 4. exd5 exd5 5. Bd3 Nc6 6. Nf3 Nge7 7. O-O O-O 8.
h3 Bxc3 9. bxc3 Bf5 10. Bf4 Qd7 11. Re1 Bxd3 12. cxd3 Rfe8 13. Ne5 Nxe5 14. Bxe5
f6 15. Bf4 Ng6 16. Qf3 c6 17. Bg3 Nf8 18. Re3 Rxe3 19. fxe3 Re8 20. e4 Rd8 21.
e5 fxe5 22. dxe5 Ne6 23. d4 Rf8 24. Qe2 Qf7 25. Rf1 Qxf1+ 26. Qxf1 Rxf1+ 27.
Kxf1 Kf7 28. Kf2 Ng5 29. Ke3 Ke6 30. Be1 b5 31. Kf4 Nf7 32. g4 a5 33. c4 dxc4
34. Bxa5 g6 35. h4 Kd5 36. Bc3 Nd8 37. Kg5 Ne6+ 38. Kf6 c5 39. dxc5 Nxc5 40. Kg7
Ne4 41. Bb4 h5 42. gxh5 gxh5 43. Kg6 c3 44. Kxh5 c2 45. Ba3 Kxe5 46. Kg6 Ke6 47.
h5 b4 48. Bc1 Nf6 49. h6 Ke7 50. Bb2 Ke6 51. Kg7 Nh5+ 52. Kg8 Nf6+ 53. Kg7 Nh5+
54. Kg6 Nf6 55. Bc1 Ke7 56. Be3 Ke6 57. Bd2 Ke5 58. Bg5 Ke6 59. Bc1 Ke5 60. Bb2+
Ke6 61. Bc1 Ke5 62. Bb2+ Ke6 63. Bc1 1/2-1/2

[Event "FIDE World Bl Team Pool A"]
[Site "London ENG"]
[Date "2025.06.14"]
[Round "10.2"]
[White "Rusu, Lucas"]
[Black "Verbytski, Oleg"]
[Result "1-0"]
[WhiteElo "2038"]
[BlackElo "1994"]
[WhiteTeam "xChess.AI"]
[BlackTeam "Chess Trust Accelerators"]
[WhiteFideId "42206472"]
[BlackFideId "495506"]
[EventDate "2025.06.14"]
[EventType "team"]

1. e4 c5 2. Nf3 d6 3. d4 cxd4 4. Nxd4 Nf6 5. Nc3 a6 6. Be2 e6 7. O-O Be7 8. f4
Qc7 9. Be3 b5 10. a3 Bb7 11. Bf3 O-O 12. Qe2 Nbd7 13. Rad1 Nc5 14. Bf2 Rac8 15.
Rfe1 Rfe8 16. h3 Bf8 17. Bg3 h6 18. Kh2 Rcd8 19. Qf2 e5 20. fxe5 dxe5 21. Nf5 g6
22. Ne3 Ncxe4 23. Bxe4 Nxe4 24. Nxe4 Bxe4 25. Ng4 Rxd1 26. Nf6+ Kh8 27. Rxd1
Qxc2 28. Nxe8 Qxd1 29. Qxf7 Qd5 30. Qxf8+ Qg8 31. Qxg8+ Kxg8 32. Nf6+ 1-0